Sur Baudelaire, Flaubert et Morand / (Record no. 186401)
[ view plain ]
| 000 -LEADER | |
|---|---|
| campo de control de longitud fija | 01059nam a2200277 i 4500 |
| 001 - NÚMERO DE CONTROL | |
| campo de control | 186401 |
| 003 - IDENTIFICADOR DE NÚMERO DE CONTROL | |
| campo de control | ES-MaACL |
| 005 - FECHA Y HORA DE LA ÚLTIMA TRANSACCIÓN | |
| campo de control | 20250803102541.0 |
| 008 - DATOS DE LONGITUD FIJA--INFORMACIÓN GENERAL | |
| campo de control de longitud fija | 161107s1987 be |||| |dfre d |
| 020 ## - NÚMERO INTERNACIONAL ESTÁNDAR DEL LIBRO | |
| Número Internacional Estándar del Libro | 2-87027-198-0 |
| 080 ## - NÚMERO DE LA CLASIFICACIÓN DECIMAL UNIVERSAL | |
| Número de la Clasificación Decimal Universal | 821.133.1.09"18" |
| 100 1# - ENTRADA PRINCIPAL--NOMBRE DE PERSONA | |
| Nombre de persona | Proust, Marcel, |
| Fechas asociadas al nombre | 1871-1922 |
| 9 (RLIN) | 94056 |
| 245 10 - MENCIÓN DEL TÍTULO | |
| Título | Sur Baudelaire, Flaubert et Morand / |
| Mención de responsabilidad, etc. | Marcel Proust ; édition établie par Antoine Compagnon. |
| 260 ## - PUBLICACIÓN, DISTRIBUCIÓN, ETC. | |
| Lugar de publicación, distribución, etc. | Bruxelles : |
| Nombre del editor, distribuidor, etc. | Complexe, |
| Fecha de publicación, distribución, etc. | [1987] |
| 300 ## - DESCRIPCIÓN FÍSICA | |
| Extensión | 232 p. ; |
| Dimensiones | 18 cm. |
| 490 1# - MENCIÓN DE SERIE | |
| Mención de serie | Le regard littéraire ; |
| Designación de volumen o secuencia | 9 |
| 504 ## - NOTA DE BIBLIOGRAFÍA, ETC. | |
| Nota de bibliografía, etc. | Bibliografía: p. 227-232. |
| 600 14 - PUNTO DE ACCESO ADICIONAL DE MATERIA--NOMBRE DE PERSONA | |
| Nombre de persona | Baudelaire, Charles- |
| Subdivisión general | Crítica e interpretación. |
| 9 (RLIN) | 26515 |
| 600 14 - PUNTO DE ACCESO ADICIONAL DE MATERIA--NOMBRE DE PERSONA | |
| Nombre de persona | Flaubert, Gustave, |
| Fechas asociadas al nombre | 1821-1880- |
| Subdivisión general | Crítica e interpretación |
| 9 (RLIN) | 51136 |
| 600 14 - PUNTO DE ACCESO ADICIONAL DE MATERIA--NOMBRE DE PERSONA | |
| Nombre de persona | Morand, Paul, |
| Fechas asociadas al nombre | 1888-1976 |
| 9 (RLIN) | 83133 |
| 650 #4 - PUNTO DE ACCESO ADICIONAL DE MATERIA--TÉRMINO DE MATERIA | |
| Término de materia o nombre geográfico como elemento de entrada | Literatura francesa- |
| Subdivisión cronológica | S.XIX- |
| Subdivisión general | Historia y crítica |
| 9 (RLIN) | 14589 |
| 700 1# - ENTRADA AGREGADA--NOMBRE PERSONAL | |
| Nombre de persona | Compagnon, Antoine, |
| Fechas asociadas al nombre | 1950- |
| 9 (RLIN) | 139795 |
| 830 0# - PUNTO DE ACCESO ADICIONAL DE SERIE-TÍTULO UNIFORME | |
| Título uniforme | Le regard littéraire ; |
| Designación de volumen o secuencia | 9 |
| 9 (RLIN) | 192557 |
| 852 ## - LOCALIZACIÓN | |
| Ubicación | ES-MaACL |
| Número de control de estantería | L-30768 |
| Nota libre | . - Donat. Miguel A. Velasco |
| Estatus retirado | Estado de pérdida | Estado de daño | No para préstamo | Biblioteca de origen | Biblioteca actual | Ubicación en estantería | Fecha de adquisición | Fuente de adquisición | Total de préstamos | Signatura topográfica completa | Código de barras | Visto por última vez | Precio de reemplazo | Tipo de ítem Koha |
|---|---|---|---|---|---|---|---|---|---|---|---|---|---|---|
| Biblioteca del Ateneo de Madrid | Biblioteca del Ateneo de Madrid | Depósito 2 | 07/11/2016 | L-30768 | 1196559 | 23/02/2023 | 23/02/2023 | Libro impreso |
